Voting for policy, not parties how voters compensate for power sharing

Enregistré dans:
Détails bibliographiques
Auteur principal: Kedar, Orit
Format: Livre
Langue:anglais
Publié: New York Cambridge University Press 2009
Collection:Cambridge studies in comparative politics
Sujets:
Tags: Ajouter un tag
Pas de tags, Soyez le premier à ajouter un tag!

MARC

LEADER 00000nam a2200000 4500
001 0121560
005 20240306140041.9
020 |a 978-0-521-76457-5 
041 0 |a eng 
044 |a US 
245 1 0 |a Voting for policy, not parties  |b how voters compensate for power sharing  |c Orit Kedar 
264 1 |a New York  |b Cambridge University Press  |c 2009 
300 |a 220 s. 
490 1 |a Cambridge studies in comparative politics 
830 0 |a Cambridge studies in comparative politics 
610 2 0 |a voľby 
610 2 0 |a politika 
610 2 0 |a strany politické 
610 2 0 |a demokracia parlamentná 
610 2 0 |a prezidenti 
610 2 0 |a vláda 
610 2 0 |a federácia 
610 2 0 |a Nemecko 
100 1 |a Kedar, Orit